000 00330nam a2200097Ia 4500
008 220120s9999||||xx |||||||||||||| ||und||
100 _aDarshan Kanchan and Sushmitha
_912827
245 2 _aA study on rutting behaviour of compacted subgrade in paymen
260 _aCoorg Institute of Technology
_bPonnampet
_c2020
650 _aMECHANICAL
999 _c138427
_d138427